Reliez 100 Gifs à la bonne série TV (spoils) - Statistiques

Statistiques générales
  • Ce quiz a été pris 196 fois
  • Le résultat moyen est 57 sur 100
Statistiques - réponses
Hint Réponse % Correct
Malcolm
88%
Malcolm
87%
Friends
86%
Squid Game
86%
Breaking Bad
84%
Friends
84%
Game Of Thrones
84%
Game Of Thrones
84%
Friends
83%
Game Of Thrones
83%
Prison Break
83%
Squid Game
83%
Game Of Thrones
82%
Dr House
81%
The Walking Dead
81%
Friends
80%
Desperate Housewives
79%
Desperate Housewives
79%
Malcolm
79%
Malcolm
79%
The Big Bang Theory
79%
Desperate Housewives
78%
Squid Game
78%
The Big Bang Theory
78%
Game Of Thrones
76%
The Big Bang Theory
76%
Grey's Anatomy
75%
Grey's Anatomy
74%
Grey's Anatomy
73%
The Big Bang Theory
73%
Grey's Anatomy
71%
Squid Game
71%
The Walking Dead
71%
Desperate Housewives
70%
Squid Game
69%
Charmed
68%
Desperate Housewives
67%
Malcolm
67%
Prison Break
67%
Urgences
67%
Dexter
66%
The Walking Dead
65%
The Big Bang Theory
64%
Charmed
63%
Charmed
63%
Lost : Les Disparus
63%
Urgences
62%
The Walking Dead
60%
Friends
59%
Prison Break
58%
The Boys
58%
Lost : Les Disparus
56%
Lost : Les Disparus
56%
Prison Break
56%
Charmed
54%
Black Mirror
51%
Breaking Bad
51%
Lost : Les Disparus
48%
Lost : Les Disparus
48%
Dr House
47%
Heroes
47%
Heroes
47%
Urgences
47%
Dr House
46%
Dr House
46%
Scrubs
46%
Breaking Bad
45%
Urgences
45%
Dr House
44%
The Boys
44%
Black Mirror
43%
Heroes
43%
Prison Break
42%
The Boys
42%
Grey's Anatomy
40%
Black Mirror
38%
Black Mirror
38%
The Walking Dead
38%
Scrubs
37%
The Boys
37%
Black Mirror
36%
Breaking Bad
35%
Charmed
33%
Nip/Tuck
33%
Nip/Tuck
33%
Scrubs
32%
Breaking Bad
31%
Heroes
30%
Nip/Tuck
29%
The Boys
29%
Heroes
28%
Dexter
26%
Scrubs
26%
Scrubs
26%
Nip/Tuck
24%
Nip/Tuck
24%
Dexter
21%
Urgences
21%
Dexter
19%
Dexter
18%
Aucun quiz correspondant
Distribution des résultats
% des personnes avec chaque résultat
Percentile par nombre de réponses
Votre historique - résultats
Vous n’avez pas pris ce quiz